000 03710nam a2200421 a 4500
005 20120104165328.0
010 _aB-477172-189
020 _a9788183329545
_c130.00
035 _aB-477172-189
037 _bBlue Berry/Ven
082 _aS
100 _aBond, Ruskin
_952226
245 _aAt school with Ruskin Bond /
_cby Ruskin Bond
260 _aNew Delhi
_bRatna Sagar
_c2011
270 _a4808/24, Bharat Ram Road, Daryaganj,
_bNew Delhi
_e110002
300 _a125p. ;
_c20cm(pbk)
_bill.
856 _3Table of contents
_uhttp://www.loc.gov/catdir/toc/ecip0516/2005020735.html
942 _2ddc
_cEN
_mBON
_hS
999 _c60303
_d60303